00742cam a22002291 4500001000800000005001700008008004100025010001700066035001800083040002500101041000800126042001200134080001500146082001500161100000700176101000800183245013300191906004500324942001200369999001700381952011400398750915320180309034344.0730705s1963 ilua 000 0 eng  a 63016889  a(OCoLC)652245 aDLCcOClUdNcRSdDLC aeng apremarc a651.74 MEN a651.74 MEN1 a57 aBIZ10aCommunicating through letters and reportsc[by] J. H. Menning and C. W. Wilkinson. With the assistance of Dorothy Colby Menning. a7bcbccoclcrplduencipf19gy-gencatlg 2ddccBK c44530d44530 00102udc40708PËKGa002b002cPËKGd2018-03-09l0o651.74 MENp002-3000899r2018-03-09w2018-03-09yBK